[Event "4NCL/Div2/KHD-3Cs"]
[Site "Rd6-Birmingham"]
[Date "2000.01.23"]
[Round "6.1"]
[White "Jossien, Arnaud"]
[Black "Longson, Alex"]
[Result "1/2-1/2"]
[WhiteElo "2344"]
[BlackElo "2148"]
[PlyCount "59"]
[EventDate "2000.01.23"]

1. e4 c5 2. Nf3 d6 3. c3 Nf6 4. Be2 Nbd7 5. d3 b6 6. Nbd2 Bb7 7. O-O g6 8. d4
cxd4 9. cxd4 Nxe4 10. Nxe4 Bxe4 11. Ng5 d5 12. f3 Bf5 13. g4 h6 14. gxf5 hxg5
15. fxg6 Bg7 16. gxf7+ Kxf7 17. f4 g4 18. Bxg4 Nf6 19. Bf3 Rh4 20. Be3 Qd7 21.
Rf2 Ng4 22. Qb3 Rd8 23. Rg2 Qf5 24. Kh1 Bf6 25. Rag1 Nxe3 26. Qxe3 Rdh8 27. Qb3
Rd8 28. Qe3 Rdh8 29. Qb3 Rd8 30. Qe3 1/2-1/2

[Event "4NCL/Div2/KHD-3Cs"]
[Site "Rd6-Birmingham"]
[Date "2000.01.23"]
[Round "6.2"]
[White "Burgess, Jon"]
[Black "McMichael, Rick"]
[Result "1-0"]
[WhiteElo "2145"]
[BlackElo "2261"]
[PlyCount "83"]
[EventDate "2000.01.23"]

1. e4 e6 2. d4 d5 3. Nd2 dxe4 4. Nxe4 Bd7 5. Nf3 Bc6 6. Bd3 Nd7 7. O-O Ngf6 8.
Ned2 Be7 9. b3 O-O 10. Bb2 b6 11. c4 Bb7 12. Qe2 c5 13. Rfe1 Bd6 14. Rad1 Qc7
15. h3 Rad8 16. Bb1 cxd4 17. Bxd4 Bc5 18. Bc3 Rfe8 19. Ne5 Nxe5 20. Bxe5 Qc6
21. Nf3 Bb4 22. Bxf6 gxf6 23. Rf1 f5 24. Qe3 Be7 25. Rxd8 Bxd8 26. Qf4 Qc7 27.
Qe3 Be7 28. Ne5 h6 29. Qg3+ Kh7 30. Nxf7 Qc5 31. Qf4 Kg7 32. Ne5 Rg8 33. Kh1
Bd6 34. Re1 Qc7 35. f3 Qc5 36. Bxf5 exf5 37. Qxf5 Bxe5 38. Rxe5 Qd6 39. Re6
Qd1+ 40. Kh2 Kh8 41. Rxh6+ Kg7 42. Qf6# 1-0

[Event "4NCL/Div2/KHD-3Cs"]
[Site "Rd6-Birmingham"]
[Date "2000.01.23"]
[Round "6.3"]
[White "Thomas, Richard"]
[Black "Adams, Phil"]
[Result "1-0"]
[WhiteElo "2265"]
[BlackElo "2072"]
[PlyCount "69"]
[EventDate "2000.01.23"]

1. d4 g6 2. c4 Bg7 3. Nc3 Nf6 4. e4 d6 5. f3 O-O 6. Bg5 Nc6 7. Nge2 a6 8. Qd2
Rb8 9. d5 Ne5 10. Nd4 c5 11. dxc6 Nxc6 12. Nc2 Be6 13. Be2 Ne5 14. Ne3 Rc8 15.
b3 b5 16. cxb5 axb5 17. O-O Qa5 18. Ned5 b4 19. Nxe7+ Kh8 20. Ncd5 Bxd5 21.
Nxc8 Be6 22. Nxd6 Rd8 23. Rad1 Rd7 24. Bb5 Rd8 25. Nc4 Rxd2 26. Nxa5 Rxa2 27.
Rd8+ Ng8 28. Ba4 h6 29. Be3 Kh7 30. Rd2 Rxd2 31. Bxd2 Ne7 32. Bxb4 Nc8 33. Bc5
Nd3 34. Be3 Nd6 35. Rd1 1-0

[Event "4NCL/Div2/KHD-3Cs"]
[Site "Rd6-Birmingham"]
[Date "2000.01.23"]
[Round "6.4"]
[White "Coppin, Andrew"]
[Black "O'Shaughnessy, Conor"]
[Result "0-1"]
[WhiteElo "2088"]
[BlackElo "2195"]
[PlyCount "66"]
[EventDate "2000.01.23"]

1. e4 c5 2. Nc3 Nc6 3. g3 g6 4. Bg2 Bg7 5. d3 e6 6. f4 d6 7. Nf3 Nge7 8. O-O
O-O 9. Be3 b6 10. Bf2 f5 11. Qd2 Bb7 12. Rfe1 Qd7 13. Rad1 Nd4 14. Ne2 Nxf3+
15. Bxf3 e5 16. c3 Rad8 17. Bg2 d5 18. exd5 Bxd5 19. Bxd5+ Qxd5 20. fxe5 Bxe5
21. Nf4 Qd6 22. d4 cxd4 23. Bxd4 Nc6 24. Rxe5 Nxe5 25. Qe2 Rfe8 26. Qb5 Qc6 27.
Qb3+ Nc4 28. Qc2 Rd7 29. Nh5 Rxd4 30. cxd4 gxh5 31. b3 Ne5 32. Qxf5 Nf3+ 33.
Kf2 Rf8 0-1

[Event "4NCL/Div2/KHD-3Cs"]
[Site "Rd6-Birmingham"]
[Date "2000.01.23"]
[Round "6.5"]
[White "Mackenzie, Colin"]
[Black "Bentley, John"]
[Result "0-1"]
[WhiteElo "2138"]
[BlackElo "1984"]
[PlyCount "92"]
[EventDate "2000.01.23"]

1. Nf3 Nf6 2. c4 g6 3. Nc3 Bg7 4. g3 O-O 5. Bg2 d6 6. O-O e5 7. d3 Nbd7 8. Bd2
c6 9. b4 Re8 10. b5 Nc5 11. bxc6 bxc6 12. Ng5 d5 13. cxd5 cxd5 14. Rc1 Bf8 15.
Na4 Nxa4 16. Qxa4 h6 17. Nf3 Bf5 18. Ba5 Qd7 19. Qxd7 Bxd7 20. d4 e4 21. Ne5
Bb5 22. Rfe1 Bd6 23. Bh3 Re7 24. Nc6 Rb7 25. Ne5 Ne8 26. Nc6 f5 27. g4 Ng7 28.
gxf5 gxf5 29. Kh1 Bc4 30. Rb1 Rxb1 31. Rxb1 Bxe2 32. Rb7 Bf3+ 33. Kg1 Rc8 34.
Ne5 Rc1+ 35. Bf1 Be2 36. Kg2 Bxf1+ 37. Kg3 Ne6 38. Rd7 Rc6 39. f4 Bxe5 40. dxe5
d4 41. Kf2 Bb5 42. Rxa7 Rc2+ 43. Ke1 Nxf4 44. Bb6 Ng2+ 45. Kd1 Ne3+ 46. Ke1
Re2# 0-1

[Event "4NCL/Div2/KHD-3Cs"]
[Site "Rd6-Birmingham"]
[Date "2000.01.23"]
[Round "6.6"]
[White "Walton, Alan"]
[Black "Gilfillan, Andrew"]
[Result "1/2-1/2"]
[WhiteElo "1928"]
[BlackElo "1976"]
[PlyCount "77"]
[EventDate "2000.01.23"]

1. d4 d5 2. Bg5 g6 3. e3 Bg7 4. c4 c6 5. Nc3 Nf6 6. Nf3 O-O 7. Be2 Nbd7 8. O-O
Nb6 9. Nd2 Be6 10. b3 Rc8 11. Rc1 Qd7 12. Re1 Rfd8 13. c5 Na8 14. b4 Nc7 15. a4
Bf5 16. Qb3 Ne6 17. Bxf6 Bxf6 18. g4 Nxd4 19. exd4 Bxg4 20. Nf3 Qf5 21. Qc2 Qf4
22. Qd2 Qf5 23. Qc2 Qf4 24. Qd3 h5 25. Rcd1 Kg7 26. Kg2 Rh8 27. Ng1 Bh4 28. Qe3
Qxe3 29. fxe3 Bxe1 30. Rxe1 Bf5 31. Nf3 f6 32. Kf2 Kf7 33. Nd2 g5 34. e4 dxe4
35. Ndxe4 Rcd8 36. Bc4+ Kg7 37. Ke3 Rhe8 38. Rf1 Bg4 39. Rf2 1/2-1/2

[Event "4NCL/Div2/KHD-3Cs"]
[Site "Rd6-Birmingham"]
[Date "2000.01.23"]
[Round "6.7"]
[White "McKeown, Paul"]
[Black "Hardy, David"]
[Result "0-1"]
[WhiteElo "1824"]
[BlackElo "1896"]
[PlyCount "85"]
[EventDate "2000.01.23"]

1. e4 e6 2. d4 d5 3. Nc3 Bb4 4. e5 c5 5. a3 Bxc3+ 6. bxc3 Qc7 7. Nf3 b6 8. Be2
Ne7 9. O-O Ba6 10. Bxa6 Nxa6 11. a4 Nb8 12. a5 bxa5 13. Qd3 c4 14. Qe2 Nbc6 15.
Ng5 h5 16. Ba3 Nf5 17. Nh3 O-O-O 18. Rfb1 g6 19. Bc5 Kd7 20. Ng5 Ke8 21. Qe1
Rc8 22. f4 Rb8 23. Qc1 Rxb1 24. Qxb1 Kd8 25. Qb5 Kd7 26. Nxf7 Rb8 27. Qa4 Rb2
28. Ba3 Rb7 29. Ng5 Qb6 30. Re1 Qb5 31. Qxb5 Rxb5 32. Kf2 a6 33. Ra1 Rb7 34.
Bc1 Rb5 35. g3 Nce7 36. h3 Ng8 37. g4 Nfh6 38. Kf3 Ke7 39. Ba3+ Kd7 40. Rg1
hxg4+ 41. hxg4 Rb7 42. Rh1 Rb8 43. Nf7 0-1

[Event "4NCL/Div2/KHD-3Cs"]
[Site "Rd6-Birmingham"]
[Date "2000.01.23"]
[Round "6.8"]
[White "Roberts, Elizabeth"]
[Black "Kelly, Alexandra"]
[Result "1-0"]
[WhiteElo "1208"]
[BlackElo "1576"]
[PlyCount "57"]
[EventDate "2000.01.23"]

1. e4 c5 2. Nc3 Nc6 3. g3 e6 4. Bg2 g6 5. d3 Bg7 6. Be3 d6 7. Qd2 Nge7 8. Bh6
O-O 9. h4 f6 10. Nge2 a6 11. O-O-O Rb8 12. Bxg7 Kxg7 13. f4 b5 14. h5 Bd7 15.
d4 b4 16. Nb1 c4 17. d5 exd5 18. exd5 Na5 19. Nd4 Rb6 20. hxg6 hxg6 21. f5 g5
22. Be4 Qb8 23. Ne6+ Bxe6 24. fxe6 Ng6 25. Bxg6 Kxg6 26. Qh2 Rb7 27. Qh5+ Kf5
28. Rhf1+ Ke5 29. Qe2# 1-0

[Event "4NCL/Div2/PP-NID"]
[Site "Rd6-Birmingham"]
[Date "2000.01.23"]
[Round "6.1"]
[White "Swanson, Stephen"]
[Black "Walsh, Chris"]
[Result "1/2-1/2"]
[WhiteElo "2283"]
[BlackElo "2186"]
[PlyCount "95"]
[EventDate "2000.01.23"]
[Source "Britbase"]
[SourceDate "2000.01.01"]

1. e4 e6 2. d4 d5 3. e5 c5 4. c3 Nc6 5. Be3 Bd7 6. Nf3 Qb6 7. Qd2 cxd4 8. Bxd4
Nxd4 9. cxd4 Bb4 10. Nc3 Rc8 11. Bd3 Qa5 12. Rc1 Ne7 13. O-O O-O 14. Ng5 Ng6
15. h4 Bxc3 16. bxc3 Bb5 17. h5 h6 18. hxg6 hxg5 19. Bxb5 Qxb5 20. Qxg5 Qd3 21.
Qe7 Qxg6 22. Qxb7 Qd3 23. Qb3 Rc7 24. Rfe1 Rfc8 25. Re3 Qf5 26. Qc2 Qf4 27. Rh3
g6 28. Rd1 Kg7 29. Rdd3 Rh8 30. Rxh8 Kxh8 31. Rf3 Qg5 32. Qd3 Rb7 33. Qc2 Rc7
34. Rg3 Qf4 35. Rf3 Qg5 36. a4 Kg7 37. a5 Rc8 38. Rh3 Qf4 39. Qb2 Rc4 40. Rf3
Qg5 41. g3 Qh5 42. Kg2 g5 43. g4 Qxg4+ 44. Rg3 Qe4+ 45. Kh2 Qf4 46. Kg2 Rc8 47.
Qe2 Rh8 48. Qf3 1/2-1/2

[Event "4NCL/Div2/PP-NID"]
[Site "Rd6-Birmingham"]
[Date "2000.01.23"]
[Round "6.2"]
[White "Fish, Andrew"]
[Black "Byway, Paul"]
[Result "0-1"]
[WhiteElo "2116"]
[BlackElo "2240"]
[PlyCount "148"]
[EventDate "2000.01.23"]
[Source "Britbase"]
[SourceDate "2000.01.01"]

1. e4 e6 2. d4 d5 3. Nd2 Nf6 4. e5 Nfd7 5. Bd3 c5 6. c3 Nc6 7. Ne2 cxd4 8. cxd4
f6 9. exf6 Nxf6 10. Nf3 Bd6 11. O-O O-O 12. Bg5 Qc7 13. Nc3 a6 14. Bh4 g6 15.
Re1 Qg7 16. Bg3 Bxg3 17. hxg3 Ng4 18. Be2 Bd7 19. Qd2 Rae8 20. Qg5 Nh6 21. Rad1
Nf5 22. Qd2 Nd6 23. Bf1 Nf7 24. a3 g5 25. Bd3 h6 26. Bb1 Nd6 27. Qd3 Nc4 28.
Re2 Rf6 29. Rde1 Rxf3 30. Qxf3 Nxd4 31. Qh5 Nxe2+ 32. Rxe2 Rf8 33. Nd1 Rf6 34.
f3 Qf8 35. Nf2 Qc5 36. Kh2 e5 37. f4 exf4 38. gxf4 Qd6 39. g3 gxf4 40. Ng4
fxg3+ 41. Kg2 Re6 42. Rxe6 Qxe6 43. Bf5 Qe2+ 44. Kxg3 Qe1+ 45. Kg2 Qd2+ 46. Kg3
Bxf5 47. Nxh6+ Kg7 48. Nxf5+ Kf6 49. Nh4 Qe1+ 50. Kh3 Qe6+ 51. Kg2 Qe4+ 52. Kh3
Ne3 53. Qh6+ Kf7 54. Qh5+ Ke7 55. Qg5+ Kd7 56. Qg7+ Qe7 57. Qd4 Qe6+ 58. Kh2
Qe4 59. Qg7+ Kc6 60. Qf6+ Kb5 61. Kg3 Ng4 62. Qc3 Ne5 63. a4+ Kxa4 64. Qa3+ Kb5
65. Qe7 Qe3+ 66. Kg2 Qe4+ 67. Kg3 d4 68. Qe8+ Kb6 69. Qd8+ Ka7 70. Qe7 Qe3+ 71.
Kg2 d3 72. Nf5 Qf3+ 73. Kg1 Qxf5 74. Qc5+ Ka8 0-1

[Event "4NCL/Div2/PP-NID"]
[Site "Rd6-Birmingham"]
[Date "2000.01.23"]
[Round "6.3"]
[White "Hammond, Andrew"]
[Black "Morris, Gareth"]
[Result "1-0"]
[WhiteElo "2212"]
[BlackElo "2160"]
[PlyCount "83"]
[EventDate "2000.01.23"]
[Source "Britbase"]
[SourceDate "2000.01.01"]

1. d4 Nf6 2. c4 c5 3. d5 b5 4. cxb5 a6 5. b6 d6 6. Nc3 Nbd7 7. Nf3 Nxb6 8. h3
g6 9. e4 Bg7 10. Be2 O-O 11. Bf4 Bb7 12. Qd2 Re8 13. a4 Rb8 14. O-O Nxe4 15.
Nxe4 Nxd5 16. Bh6 Bh8 17. Neg5 e6 18. Rfe1 Bc8 19. Nxf7 Kxf7 20. Ng5+ Kg8 21.
Bc4 Bd4 22. Rab1 Bd7 23. h4 Qf6 24. Ne4 Qxh4 25. Nxd6 Rf8 26. Bxf8 Rxf8 27. Ne4
Bxf2+ 28. Nxf2 Qxc4 29. b3 Qh4 30. Rbd1 Bc8 31. Ne4 Bb7 32. Nxc5 Nf4 33. Nxb7
Qg3 34. Re2 Nxe2+ 35. Qxe2 Qxb3 36. Nc5 Qb4 37. Qxe6+ Kg7 38. Qe5+ Kh6 39. Qh2+
Kg7 40. Qe5+ Kh6 41. Qe3+ g5 42. Rd6+ 1-0

[Event "4NCL/Div2/PP-NID"]
[Site "Rd6-Birmingham"]
[Date "2000.01.23"]
[Round "6.4"]
[White "Johnston, Dafydd"]
[Black "Rosen, Daniel"]
[Result "1/2-1/2"]
[WhiteElo "2170"]
[BlackElo "2239"]
[PlyCount "102"]
[EventDate "2000.01.23"]
[Source "Britbase"]
[SourceDate "2000.01.01"]

1. e4 g6 2. d4 Bg7 3. Nc3 d6 4. f4 Nf6 5. Nf3 c5 6. dxc5 Qa5 7. Bd3 Qxc5 8. Qe2
Nc6 9. Be3 Qa5 10. h3 Nh5 11. Kf2 e5 12. f5 Nd4 13. Bxd4 exd4 14. Nd5 Nf6 15.
Bb5+ Kf8 16. fxg6 hxg6 17. Rhf1 d3 18. Qxd3 Nxd5 19. Qxd5 Qb6+ 20. Kg3 Be6 21.
Qd3 Rc8 22. Ng5 Be5+ 23. Kf3 Bxb2 24. Nxe6+ fxe6 25. Kg4+ Ke7 26. Rad1 Rc3 27.
Qd2 Qc5 28. Bd3 Qh5+ 29. Kg3 Rc5 30. Kh2 Be5+ 31. Kh1 Qh4 32. Qf2 Qxf2 33. Rxf2
Ra5 34. Rdf1 Rh7 35. Bc4 Ra4 36. Bb3 Rxe4 37. Rf8 d5 38. Ra8 a6 39. Kg1 g5 40.
c4 Bd4+ 41. Kh1 Re5 42. cxd5 exd5 43. Rb8 Kd6 44. Rd8+ Kc7 45. Rxd5 Rxd5 46.
Bxd5 Kd6 47. Rf7 Rxf7 48. Bxf7 Kc5 49. g3 Be5 50. Kg2 b5 51. h4 gxh4 1/2-1/2

[Event "4NCL/Div2/PP-NID"]
[Site "Rd6-Birmingham"]
[Date "2000.01.23"]
[Round "6.5"]
[White "Moore, Gerald"]
[Black "Jones, Richard S"]
[Result "1-0"]
[WhiteElo "2202"]
[BlackElo "2076"]
[PlyCount "133"]
[EventDate "2000.01.23"]
[Source "Britbase"]
[SourceDate "2000.01.01"]

1. Nf3 Nf6 2. c4 g6 3. Nc3 Bg7 4. d4 O-O 5. Bg5 d6 6. e3 a6 7. Be2 Nc6 8. d5
Nb8 9. O-O e5 10. e4 h6 11. Bh4 Qe8 12. Nd2 Nh7 13. Qc2 g5 14. Bg3 f5 15. exf5
Bxf5 16. Bd3 Bxd3 17. Qxd3 Nd7 18. Nde4 Nhf6 19. f3 Nh5 20. Bf2 Nf4 21. Qd2 Qg6
22. Be3 h5 23. g3 Bh6 24. Kh1 Nh3 25. Nf2 Nxf2+ 26. Rxf2 Kh7 27. Raf1 Nf6 28.
Qc2 Qxc2 29. Rxc2 Rf7 30. Rcf2 b5 31. b3 Raf8 32. Ne4 Kg6 33. Nxf6 Rxf6 34.
cxb5 axb5 35. a4 bxa4 36. bxa4 Ra8 37. Ra1 Ra5 38. Kg2 Bg7 39. Ra3 Rf8 40. Rc2
Rfa8 41. Rxc7 Rxa4 42. Rxa4 Rxa4 43. Bxg5 Ra5 44. Be7 Rxd5 45. Rc6 Rd2+ 46. Kh3
Rf2 47. Bxd6 Kf5 48. Rc3 e4 49. fxe4+ Kxe4 50. Rc5 Rf5 51. Rc7 Bf6 52. Be7 Be5
53. Rc8 Rf7 54. Bg5 Kf5 55. Kh4 Rh7 56. Rc5 Ke6 57. Rc6+ Kf5 58. Rc5 Ke6 59. h3
Ra7 60. Bf4 Bxf4 61. gxf4 Rf7 62. Kg5 Rf8 63. Re5+ Kd6 64. Re3 h4 65. f5 Rg8+
66. Kxh4 Rg1 67. Kh5 1-0

[Event "4NCL/Div2/PP-NID"]
[Site "Rd6-Birmingham"]
[Date "2000.01.23"]
[Round "6.6"]
[White "Gandy, Andrew"]
[Black "Ledger, Stephen"]
[Result "1/2-1/2"]
[WhiteElo "2085"]
[BlackElo "2162"]
[PlyCount "59"]
[EventDate "2000.01.23"]
[Source "Britbase"]
[SourceDate "2000.01.01"]

1. d4 Nf6 2. c4 c5 3. d5 b5 4. Nf3 bxc4 5. Nc3 g6 6. e4 d6 7. Bxc4 Bg7 8. O-O
O-O 9. Bf4 Nbd7 10. h3 Qb6 11. Qe2 Rb8 12. Rab1 Ne8 13. e5 dxe5 14. Nxe5 Nxe5
15. Bxe5 Bxe5 16. Qxe5 Bf5 17. Rbc1 Nd6 18. Bb3 c4 19. Ba4 Bd3 20. Rfe1 Nf5 21.
b3 Rfd8 22. Ne2 Bxe2 23. Rxe2 cxb3 24. Bxb3 Nd4 25. Re3 Qf6 26. Qxe7 Qxe7 27.
Rxe7 Nxb3 28. axb3 Rxd5 29. Rcc7 Rf5 30. Rb7 1/2-1/2

[Event "4NCL/Div2/PP-NID"]
[Site "Rd6-Birmingham"]
[Date "2000.01.23"]
[Round "6.7"]
[White "Walker, Martin"]
[Black "Tabatabai, John"]
[Result "1-0"]
[WhiteElo "2112"]
[BlackElo "2006"]
[PlyCount "91"]
[EventDate "2000.01.23"]
[Source "Britbase"]
[SourceDate "2000.01.01"]

1. e4 g6 2. d4 Nf6 3. Nc3 d5 4. exd5 Nxd5 5. Nf3 Nxc3 6. bxc3 Bg7 7. Bc4 O-O 8.
O-O b6 9. Qe2 e6 10. Qe4 c6 11. Bg5 Qc7 12. Qh4 Ba6 13. Bxa6 Nxa6 14. Rfe1 f6
15. Bf4 Qd7 16. Qg4 Rfe8 17. Nd2 Qd5 18. Qe2 e5 19. Qxa6 exf4 20. Rxe8+ Rxe8
21. Qxa7 Re2 22. Rd1 Qe6 23. Kf1 f3 24. gxf3 Bh6 25. Ne4 Rxc2 26. Qb8+ Kg7 27.
Qc7+ Qf7 28. Qxc6 Bf4 29. d5 f5 30. Ng3 Be5 31. c4 Qc7 32. Qe6 Qxc4+ 33. Kg2
Bxg3 34. Qe7+ Kg8 35. hxg3 Qe2 36. Qd8+ Kf7 37. Rf1 Rxa2 38. Qxb6 Rd2 39. Rc1
Kg7 40. Rc7+ Kh6 41. Qa7 Kg5 42. Rxh7 f4 43. gxf4+ Kxf4 44. Qc7+ Kf5 45. Rf7+
Kg5 46. Qf4+ 1-0

[Event "4NCL/Div2/PP-NID"]
[Site "Rd6-Birmingham"]
[Date "2000.01.23"]
[Round "6.8"]
[White "Johnston, Lowri"]
[Black "Turvey, Syringa"]
[Result "1/2-1/2"]
[WhiteElo "1413"]
[BlackElo "1656"]
[PlyCount "111"]
[EventDate "2000.01.23"]
[Source "Britbase"]
[SourceDate "2000.01.01"]

1. e4 c5 2. d4 cxd4 3. c3 Nf6 4. e5 Nd5 5. Bc4 Nb6 6. Bb3 e6 7. cxd4 d5 8. Nf3
Nc6 9. O-O Be7 10. Nc3 a6 11. a3 O-O 12. Bc2 Nd7 13. Ne2 Re8 14. Qd3 Nf8 15.
Nf4 f6 16. exf6 Bxf6 17. Nh5 e5 18. Nxf6+ gxf6 19. dxe5 Nxe5 20. Nxe5 fxe5 21.
Qg3+ Kf7 22. Bh6 Ng6 23. Bxg6+ hxg6 24. Rfe1 Qf6 25. Re3 e4 26. Qc7+ Re7 27.
Qd8 Rd7 28. Qf8+ Ke6 29. Qe8+ Re7 30. Qg8+ Rf7 31. Qe8+ Qe7 32. Qxe7+ Rxe7 33.
Rg3 Kf7 34. Rd1 Be6 35. f3 Rh8 36. Bg5 Rc7 37. fxe4 dxe4 38. Rf1+ Bf5 39. Re3
Rhc8 40. g4 Ke6 41. gxf5+ gxf5 42. h4 Rd7 43. Rc3 Rxc3 44. bxc3 Rd3 45. Rc1 Ke5
46. Kf2 Rf3+ 47. Ke2 f4 48. a4 Rh3 49. Rf1 Rh2+ 50. Rf2 f3+ 51. Ke3 Rh1 52. Rb2
Re1+ 53. Kf2 Ra1 54. h5 Rxa4 55. h6 Ra1 56. Ke3 1/2-1/2

[Event "4NCL/Div2/SL2-WES"]
[Site "Rd6-Birmingham"]
[Date "2000.01.23"]
[Round "6.1"]
[White "Rossiter, Philip"]
[Black "Houska, Jovanka"]
[Result "0-1"]
[WhiteElo "2369"]
[BlackElo "2282"]
[PlyCount "100"]
[EventDate "2000.01.23"]
[Source "Britbase"]
[SourceDate "2000.01.01"]

1. e4 d5 2. exd5 Qxd5 3. Nc3 Qa5 4. a3 c6 5. b4 Qc7 6. Bb2 Nf6 7. Bc4 Bf5 8.
Nge2 e6 9. Ng3 Bg6 10. Qe2 Nbd7 11. Nce4 Be7 12. h4 h6 13. d3 O-O 14. h5 Bh7
15. Rb1 Rfe8 16. Kf1 Nd5 17. Kg1 f5 18. Nd2 Bd6 19. Nf3 e5 20. Nh4 Rf8 21. Bb3
Rae8 22. c4 Nf4 23. c5+ Kh8 24. Qd2 Be7 25. Re1 Bg5 26. Qc3 Bf6 27. Qd2 Qd8 28.
Ng6+ Bxg6 29. hxg6 Bg5 30. Qc2 Nxg6 31. d4 e4 32. d5 cxd5 33. Bxd5 Nde5 34.
Bxb7 Nd3 35. Rd1 Qc7 36. Ba6 Nxb2 37. Qxb2 e3 38. Nh5 exf2+ 39. Kxf2 Be3+ 40.
Kf1 Ne5 41. Rd6 Bg5 42. Rh3 f4 43. Bb5 Re7 44. Be2 Qc8 45. Qc3 f3 46. Rxf3 Nxf3
47. Bxf3 Qe8 48. Ng3 Bf4 49. Nh5 Be5 50. Qe3 Qxh5 0-1

[Event "4NCL/Div2/SL2-WES"]
[Site "Rd6-Birmingham"]
[Date "2000.01.23"]
[Round "6.2"]
[White "Buckley, Graeme"]
[Black "Corkett, Anthony"]
[Result "1/2-1/2"]
[WhiteElo "2355"]
[BlackElo "2295"]
[PlyCount "83"]
[EventDate "2000.01.23"]
[Source "Britbase"]
[SourceDate "2000.01.01"]

1. d4 d6 2. e4 g6 3. Nc3 Bg7 4. Be3 c6 5. Nf3 b5 6. Bd3 a6 7. O-O Nd7 8. Qd2 e5
9. dxe5 dxe5 10. a4 Rb8 11. axb5 axb5 12. Rfd1 Ngf6 13. b4 Qe7 14. Ne2 O-O 15.
Nc1 Ng4 16. Ba7 Rb7 17. h3 Ngf6 18. Nb3 Re8 19. Be3 Nh5 20. Na5 Rc7 21. Qc3 Nb8
22. Bb6 Rd7 23. Nxc6 Nxc6 24. Qxc6 Rd6 25. Qxb5 Bd7 26. Qa5 Rf6 27. Bc5 Qe6 28.
Be2 Nf4 29. Bf1 Nxh3+ 30. gxh3 Rxf3 31. Qc7 Bc6 32. Ra6 Rxh3 33. Bxh3 Qxh3 34.
Rd8 Qg4+ 35. Kf1 Bb5+ 36. Rd3 Qd1+ 37. Kg2 Bxd3 38. cxd3 Qg4+ 39. Kf1 Qd1+ 40.
Kg2 Qg4+ 41. Kf1 Qd1+ 42. Kg2 1/2-1/2

[Event "4NCL/Div2/SL2-WES"]
[Site "Rd6-Birmingham"]
[Date "2000.01.23"]
[Round "6.4"]
[White "Tucker, Alex"]
[Black "Upton, Ian"]
[Result "1/2-1/2"]
[WhiteElo "2192"]
[BlackElo "2238"]
[PlyCount "57"]
[EventDate "2000.01.23"]
[Source "Britbase"]
[SourceDate "2000.01.01"]

1. d4 e6 2. Nf3 f5 3. d5 exd5 4. Qxd5 d6 5. Bg5 Be7 6. Bxe7 Qxe7 7. Nc3 Nf6 8.
Qd3 Na6 9. Nd5 Nxd5 10. Qxd5 Nc5 11. g3 Be6 12. Qd2 O-O 13. Bg2 Rae8 14. O-O
Ne4 15. Qd3 Qf7 16. b3 Qf6 17. e3 c5 18. c4 Rd8 19. Nd2 Nxd2 20. Qxd2 Rd7 21.
Rad1 Rfd8 22. Bd5 g6 23. Qe2 Re8 24. Qf3 Bxd5 25. Qxd5+ Qf7 26. Rd2 Qxd5 27.
Rxd5 Re5 28. Rd2 Kf7 29. Rfd1 1/2-1/2

[Event "4NCL/Div2/SL2-WES"]
[Site "Rd6-Birmingham"]
[Date "2000.01.23"]
[Round "6.5"]
[White "Simons, Martin"]
[Black "Smith, Andrew P"]
[Result "1-0"]
[WhiteElo "2248"]
[BlackElo "2231"]
[PlyCount "51"]
[EventDate "2000.01.23"]
[Source "Britbase"]
[SourceDate "2000.01.01"]

1. d4 Nf6 2. Nc3 c5 3. dxc5 Qa5 4. Qd3 Qxc5 5. e4 e6 6. Be3 Qa5 7. Be2 Nc6 8.
Nh3 Bb4 9. O-O O-O 10. f4 Bxc3 11. bxc3 e5 12. f5 d5 13. exd5 Nxd5 14. Bd2 Rd8
15. Qg3 f6 16. Kh1 Kh8 17. Bd3 Nde7 18. Ng5 fxg5 19. Bxg5 Rf8 20. f6 Ng6 21.
Bxg6 hxg6 22. Qh4+ Kg8 23. fxg7 Rxf1+ 24. Rxf1 Bf5 25. Qh8+ Kf7 26. Qxa8 1-0

[Event "4NCL/Div2/SL2-WES"]
[Site "Rd6-Birmingham"]
[Date "2000.01.23"]
[Round "6.6"]
[White "De Coverly, Roger"]
[Black "Yeo, Michael"]
[Result "1/2-1/2"]
[WhiteElo "2096"]
[BlackElo "2198"]
[PlyCount "110"]
[EventDate "2000.01.23"]
[Source "Britbase"]
[SourceDate "2000.01.01"]

1. e4 e5 2. Nf3 Nc6 3. Bb5 a6 4. Ba4 d6 5. Bxc6+ bxc6 6. d4 f6 7. Nc3 Ne7 8.
Be3 Ng6 9. Qd2 Bd7 10. h4 h5 11. O-O-O Qb8 12. dxe5 fxe5 13. Ng5 Qb4 14. Ne2 a5
15. Qxb4 axb4 16. Kb1 Be7 17. Ng3 Ra5 18. Bd2 Rb5 19. Nf5 Bf6 20. f3 d5 21. Ng3
d4 22. f4 exf4 23. Ne2 Nxh4 24. Rxh4 Bxg5 25. Rhh1 Bg4 26. Nxd4 Rb6 27. Rdf1 c5
28. Nf3 Bxf3 29. Rxf3 Rf6 30. c3 b3 31. axb3 g6 32. Kc2 O-O 33. Rhf1 R6f7 34.
e5 Re8 35. Bxf4 Bxf4 36. Rxf4 Rxf4 37. Rxf4 Rxe5 38. Rf2 Kg7 39. Kd3 h4 40. Kc4
g5 41. Rd2 Kg6 42. b4 cxb4 43. Kxb4 g4 44. c4 Kg5 45. c5 c6 46. Kc4 h3 47. gxh3
gxh3 48. b4 Re4+ 49. Kb3 Kh4 50. Ka4 Kg3 51. Ka5 h2 52. Rxh2 Kxh2 53. Kb6 Re6
54. b5 cxb5+ 55. Kxb5 Kg3 1/2-1/2

[Event "4NCL/Div2/SL2-WES"]
[Site "Rd6-Birmingham"]
[Date "2000.01.23"]
[Round "6.7"]
[White "Pye, David"]
[Black "Ghasi, Ameet"]
[Result "1/2-1/2"]
[WhiteElo "2072"]
[BlackElo "2032"]
[PlyCount "163"]
[EventDate "2000.01.23"]
[Source "Britbase"]
[SourceDate "2000.01.01"]

1. e4 c5 2. c3 Nf6 3. e5 Nd5 4. d4 cxd4 5. Qxd4 e6 6. Nf3 Nc6 7. Qe4 f5 8. exf6
Nxf6 9. Qh4 Be7 10. Bd3 d5 11. Bg5 e5 12. Bg6+ Kf8 13. O-O Ng4 14. Bh5 Nf6 15.
Bg6 Ng4 16. h3 Nh6 17. Bc2 Bf5 18. Bb3 Bxg5 19. Qxg5 Qxg5 20. Nxg5 Rd8 21. g4
Bc8 22. f4 Ke7 23. fxe5 Nxe5 24. Nd2 Nd3 25. Rf3 Nc5 26. Re1+ Kd6 27. Bc2 Ne6
28. Nxe6 Bxe6 29. Nb3 Rde8 30. Nd4 Bf7 31. Rxe8 Bxe8 32. Kf2 a6 33. Kg3 g6 34.
Rf6+ Kc7 35. Bb3 Nf7 36. Bxd5 Nd6 37. Bg2 Bd7 38. Ne6+ Bxe6 39. Rxe6 Kd7 40.
Re2 Rf8 41. b3 b6 42. h4 h6 43. Bh3 g5 44. Bg2 Rc8 45. c4 Rg8 46. Bd5 Rg6 47.
hxg5 hxg5 48. Rh2 Rg7 49. Rh8 a5 50. Rb8 Kc7 51. Ra8 Re7 52. Kf3 Nc8 53. c5
bxc5 54. Rxa5 Kb6 55. Ra8 Kc7 56. Be4 Re5 57. Bd3 Rd5 58. Bc4 Re5 59. Bd3 Rd5
60. Be2 Re5 61. Ra6 Ne7 62. Bb5 Re1 63. Rh6 Re5 64. a4 Re1 65. Rh2 Ng6 66. Kf2
Re4 67. Rh7+ Kb8 68. Rg7 Re6 69. Bc4 Rf6+ 70. Ke3 Rd6 71. Ke4 Rd4+ 72. Kf5 Nh4+
73. Kxg5 Nf3+ 74. Kh6 Ne5 75. Be6 Rd6 76. Re7 Nxg4+ 77. Kg5 Ne5 78. Kf5 Nc6 79.
Re8+ Ka7 80. Bc4 Na5 81. Be6 Nc6 82. Bc4 1/2-1/2

[Event "4NCL/Div2/SL2-WES"]
[Site "Rd6-Birmingham"]
[Date "2000.01.23"]
[Round "6.8"]
[White "Crichton, Martin"]
[Black "Keeling, Karen"]
[Result "1-0"]
[WhiteElo "2025"]
[BlackElo "1672"]
[PlyCount "53"]
[EventDate "2000.01.23"]
[Source "Britbase"]
[SourceDate "2000.01.01"]

1. e4 c6 2. d4 d5 3. Nc3 dxe4 4. Nxe4 Bf5 5. Ng3 Bg6 6. h4 h6 7. N1e2 e6 8. Nf4
Bh7 9. Bc4 Nf6 10. O-O Nd5 11. Bxd5 cxd5 12. Re1 Qd7 13. Ngh5 Nc6 14. c4 Ne7
15. cxd5 Nxd5 16. Nxd5 Qxd5 17. Bf4 Bg6 18. Ng3 a6 19. Re5 Qd7 20. d5 Bd6 21.
dxe6 fxe6 22. Qg4 Bf7 23. Rd1 g5 24. hxg5 h5 25. Qe2 O-O-O 26. Re3 Qe7 27. Nf5
1-0

[Event "4NCL/Div2/WIT-SWD"]
[Site "Rd6-Birmingham"]
[Date "2000.01.23"]
[Round "6.1"]
[White "Headlong, Tim"]
[Black "Dineley, Richard"]
[Result "1/2-1/2"]
[WhiteElo "2261"]
[BlackElo "2263"]
[PlyCount "35"]
[EventDate "2000.01.23"]
[Source "Britbase"]
[SourceDate "2000.01.01"]

1. Nf3 Nf6 2. c4 e6 3. Nc3 Bb4 4. Qc2 O-O 5. a3 Bxc3 6. Qxc3 b6 7. b4 Bb7 8.
Bb2 d6 9. g3 Nbd7 10. Bg2 c5 11. d3 Rc8 12. Qd2 Qe7 13. O-O Rfd8 14. b5 d5 15.
cxd5 Bxd5 16. Rac1 h6 17. Qc3 Qf8 18. Nd2 1/2-1/2

[Event "4NCL/Div2/WIT-SWD"]
[Site "Rd6-Birmingham"]
[Date "2000.01.23"]
[Round "6.2"]
[White "Rayner, Francis"]
[Black "Haydon, Richard"]
[Result "1/2-1/2"]
[WhiteElo "2229"]
[BlackElo "2176"]
[PlyCount "35"]
[EventDate "2000.01.23"]
[Source "Britbase"]
[SourceDate "2000.01.01"]

1. e4 c5 2. Nf3 Nc6 3. Bb5 g6 4. O-O Bg7 5. c3 Nf6 6. Re1 O-O 7. h3 e5 8. d4
cxd4 9. cxd4 exd4 10. Bf4 d5 11. e5 Ne4 12. Nbd2 Qb6 13. Bxc6 bxc6 14. Nxe4
dxe4 15. Rxe4 c5 16. b3 Bb7 17. Re1 Rae8 18. Rc1 1/2-1/2